000 00652nam a22002057a 4500
003 OSt
005 20170405145915.0
008 150226b xxu||||| |||| 00| 0 eng d
020 _a0415271983
040 _clcd
082 _aQV 736 D842a 2001
100 _aEdited by Anya, M.Hillery; Andrew W. Lioyd; James Swarbrick
_912059
245 _aDrug Delivery and Targeting: for pharmacicsts and Pharmaceutical scientists
260 _aLondon:
_btaylor and francis;
_c2001.
300 _axv, 475p :
_bcol.ill;
_c27 cm.
504 _aReferences, appendix, & index included
650 _aDrug delivery
_92973
650 _aPharmacy
_912060
942 _2z
_cSLOAN
999 _c1097
_d1097